Código de aguas, edición oficial

I tiakina i:
Ngā taipitopito rārangi puna kōrero
Hōputu: Pukapuka
Reo:Pāniora
I whakaputaina: Santiago Jurídica de Chile 1953
Ngā marau:
Ngā Tūtohu: Tāpirihia he Tūtohu
Kāore He Tūtohu, Me noho koe te mea tuatahi ki te tūtohu i tēnei pūkete!

MARC

LEADER 00000cam a2200000 a 4500
001 UCF9120
003 CL-VaPUC
008 131025e19530000cl |||||||||||||||||spa|d
082 0 4 |a 346.04691  |b COD  |2 21 
245 1 0 |a Código de aguas, edición oficial 
300 |a 141 p 
942 |c BK 
945 |d 20131025 12:28:00  |a cmena 
260 |a Santiago  |b Jurídica de Chile  |c 1953 
650 0 |a Código de aguas   |9 380665 
650 0 |a Derecho de aguas  |9 257148 
650 0 |a Aprovechamiento de aguas  |9 368432 
650 7 |a REGADIO  |2 CL-VaPUC  |9 385903 
583 |a last modification  |c 20131025 12:28:00  |k Rodrigo Vera 
999 |c 353605  |d 353603 
952 |0 0  |1 0  |2 ddc  |3 erb  |4 0  |5 1  |6 346_046910000000000_COD_1953  |7 4  |8 C_LRYV  |9 458941  |a FDOBRV  |b BIBDER  |d 2019-11-23  |i 5020549  |o 346.04691 COD 1953  |p 5020549  |r 2023-01-25  |w 2019-11-23  |y BK_X  |z Catalogado en:20131025  |k BRV